Unit operations of chemical engineering (Record no. 13416)

000 -LEADER
fixed length control field 00603nam a22002171 4500
001 - CONTROL NUMBER
control field 13416
003 - CONTROL NUMBER IDENTIFIER
control field BD-DhUET
008 - FIXED-LENGTH DATA ELEMENTS--GENERAL INFORMATION
fixed length control field 740410s1967 nyua b 000 0 eng
040 ## - CATALOGING SOURCE
Original cataloging agency DLC
Transcribing agency DLC
Modifying agency BD-DhUET
082 00 - DEWEY DECIMAL CLASSIFICATION NUMBER
Classification number 660.2842
Item number MCC/1967
100 1# - MAIN ENTRY--PERSONAL NAME
Personal name McCabe, Warren L.
245 10 - TITLE STATEMENT
Title Unit operations of chemical engineering
250 ## - EDITION STATEMENT
Edition statement 2nd ed.
260 ## - PUBLICATION, DISTRIBUTION, ETC. (IMPRINT)
Place of publication, distribution, etc. New York
Name of publisher, distributor, etc. McGraw-Hill
Date of publication, distribution, etc. 1967
300 ## - PHYSICAL DESCRIPTION
Extent viii,1007p.
Other physical details ill.
Dimensions 23 cm.
490 0# - SERIES STATEMENT
Series statement McGraw-Hill chemical engineering series
504 ## - BIBLIOGRAPHY, ETC. NOTE
Bibliography, etc Includes bibliographies
650 #0 - SUBJECT ADDED ENTRY--TOPICAL TERM
Topical term or geographic name as entry element Chemical engineering
700 1# - ADDED ENTRY--PERSONAL NAME
Personal name Smith, Julian C.
942 ## - ADDED ENTRY ELEMENTS (KOHA)
Koha item type General Book
Holdings
Not for loan Koha date last seen Koha item type Koha date last borrowed Damaged status Shelving location Source of classification or shelving scheme Location (home branch) Withdrawn status Lost status Copy number Sublocation or collection (holding branch) Price effective from Piece designation (barcode) Koha issues (times borrowed) Date acquired Koha normalized classification for sorting Koha full call number
 2017-11-20General Book2017-09-27 Circulation section Central Library, BUET  1Central Library, BUET2015-03-022975412015-03-02660_284200000000000_MCC_1967660.2842/MCC/1967
 2015-03-02General Book  Circulation section Central Library, BUET  2Central Library, BUET2015-03-0229767 2015-03-02660_284200000000000_MCC_1967660.2842/MCC/1967
 2015-03-02General Book  Circulation section Central Library, BUET  3Central Library, BUET2015-03-0229760 2015-03-02660_284200000000000_MCC_1967660.2842/MCC/1967
 2015-05-17General Book  Circulation section Central Library, BUET  4Central Library, BUET2015-05-1729763 2015-05-17660_284200000000000_MCC_1967660.2842/MCC/1967